| 000 | 00792nam a2200229 a 4500 | ||
|---|---|---|---|
| 005 | 20250311063803.0 | ||
| 008 | 050523s2004 000 eng d | ||
| 020 | _a970151016X | ||
| 035 | _aUPN01000140046 | ||
| 049 | _aCG | ||
| 050 | 4 |
_aTK5105.875 I5.7 _bR6.6 |
|
| 100 | 1 | _aRodríguez Zamora, Alonso | |
| 245 | 1 | 0 |
_aPublicación en internet y tecnología XML / _cAlonso Rodríguez Zamora. |
| 260 |
_aMéxico : _bAlfaomega : _bRa-Ma, _cc2004. |
||
| 300 |
_a438 p. : _bil. + _e1 disco óptico de computador ; 4 3/4 plg. |
||
| 500 | _a"Incluye CD-ROM" | ||
| 506 | _aSolicítalo en : Documentación | ||
| 650 | 4 |
_aInternet _9547 |
|
| 650 | 4 |
_aHTML (LENGUAJE DE MARCADO DE HIPERTEXTO) _93900 |
|
| 650 | 2 |
_aWorld Wide Web (Sistema de recuperación de información) _912328 |
|
| 905 | _aLibro | ||
| 999 |
_c112194 _d112194 |
||